Capitals Farthest From a Map's Center - Statistics

General Stats
  • This quiz has been taken 32 times
  • The average score is 14 of 25
Answer Stats
Country Capital Distance From a Map's Center (|Latitude| + |Longitude|) % Correct
Australia Canberra 180.23 units
100%
New Zealand Wellington 215.65 units
92%
Canada Ottawa 120.69 units
80%
United States Washington, D.C. 116.93 units
80%
Philippines Manila 135.43 units
76%
Mexico Mexico City 118.3 units
72%
Timor-Leste Dili 133.58 units
68%
Vanuatu Port Vila 185.63 units
68%
Samoa Apia 185 units
64%
China Beijing 155.75 units
64%
Tonga Nuku'alofa 195.1 units
64%
Papua New Guinea Port Moresby 156.32 units
64%
Fiji Suva 196.36 units
60%
Solomon Islands Honiara 168.64 units
56%
Palau Ngerulmud 142.12 units
56%
Tuvalu Funafuti 187.44 units
52%
South Korea Seoul 163.89 units
52%
North Korea Pyongyang 164.39 units
48%
Kiribati Tarawa 174.3 units
48%
F. S. Micronesia Palikir 164.64 units
44%
Brunei Bandar Seri Begawan 119.52 units
36%
Vietnam Hanoi 126.6 units
36%
Laos Vientiane 119.94 units
20%
Kazakhstan Astana 122.4 units
8%
Kyrgyzstan Bishkek 117 units
4%
No matching quizzes found
Score Distribution
Percent of People with Each Score
Percentile by Number Answered
Your Score History
You have not taken this quiz